mark william lewis - Tomorrow is Perfect (Lyrics) - Statistics

General Stats
  • This quiz has been taken 2 times
  • The average score is 122 of 222
Answer Stats
Answer % Correct
a
100%
A
100%
An
100%
And
100%
and
100%
be
100%
house
100%
I
100%
in
100%
to
100%
To
100%
Up
100%
You
100%
you
100%
your
100%
Across
50%
alone
50%
alone...
50%
at
50%
bled
50%
boats
50%
bone
50%
burned
50%
circus
50%
city
50%
cold
50%
days
50%
December
50%
doctor
50%
downer,
50%
downer
50%
fangs
50%
fast
50%
From
50%
gamble
50%
get,
50%
get
50%
got
50%
gums
50%
hand
50%
hound
50%
ice
50%
Inside
50%
It
50%
just
50%
know
50%
leaves
50%
Life
50%
lightbulb
50%
lights
50%
Look
50%
look
50%
lucky
50%
Made
50%
millennium
50%
mouth
50%
moves
50%
never
50%
of
50%
on
50%
On
50%
picture
50%
probably
50%
red
50%
remember
50%
river
50%
sand
50%
shot
50%
silver
50%
sky
50%
so
50%
spirit
50%
stadium
50%
steady
50%
stone
50%
storm
50%
swollen
50%
teeth
50%
The
50%
the
50%
there's
50%
these
50%
through
50%
tower
50%
trace
50%
turned
50%
unequal
50%
unfriendly
50%
unhealing
50%
was
50%
water
50%
way
50%
Well,
50%
When
50%
willow
50%
window
50%
won't
50%
You'd
50%
You've
50%
Another
0%
as
0%
beast
0%
betrayal
0%
bridge
0%
brutal
0%
conforms
0%
deathly
0%
described
0%
had
0%
heartbreak
0%
history
0%
inner
0%
loudest,
0%
Moved
0%
phone
0%
restless
0%
shiver
0%
sinner
0%
speaks
0%
usual
0%
No matching quizzes found
Score Distribution
Percent of People with Each Score
Percentile by Number Answered
Your Score History
You have not taken this quiz